[Event "Politikken Cup 1988"]
[Site "Graested"]
[Date "1988.02.12"]
[Round "1"]
[White "Arkell, Susan"]
[Black "Berg, Tine"]
[Result "1-0"]
[WhiteElo "2340"]
[BlackElo "2095"]
[PlyCount "75"]
[EventDate "1988.02.12"]
[EventType "tourn"]
[EventRounds "9"]
[EventCountry "DEN"]
[SourceVersionDate "2020.04.07"]

1. e4 e6 2. d4 d5 3. Nc3 Nf6 4. e5 Nfd7 5. f4 c5 6. Nf3 Nc6 7. Be3 cxd4 8. Nxd4
Nxd4 9. Bxd4 Bc5 10. Na4 Bxd4 11. Qxd4 Qa5+ 12. c3 O-O 13. Bd3 b6 14. O-O Ba6
15. Bxa6 Qxa6 16. b3 Rac8 17. c4 b5 18. cxb5 Qxb5 19. Qxa7 f6 20. Qe3 fxe5 21.
fxe5 Qb8 22. h3 Rxf1+ 23. Rxf1 Rc2 24. Qg5 Nxe5 25. Qe7 Qc8 26. b4 Rxg2+ 27.
Kxg2 Qc2+ 28. Rf2 Qe4+ 29. Kh2 Nf3+ 30. Rxf3 Qe2+ 31. Kg3 Qe5+ 32. Kf2 Qh2+ 33.
Ke1 Qg1+ 34. Kd2 Qd4+ 35. Rd3 Qf2+ 36. Kc3 Qe1+ 37. Kb3 Qb1+ 38. Nb2 1-0

[Event "Politikken Cup 1988"]
[Site "Graested"]
[Date "1988.02.12"]
[Round "1"]
[White "Maric, Mirjana"]
[Black "Jackson, Sheila"]
[Result "1-0"]
[WhiteElo "2255"]
[BlackElo "2260"]
[PlyCount "103"]
[EventDate "1988.02.12"]
[EventType "tourn"]
[EventRounds "9"]
[EventCountry "DEN"]
[SourceVersionDate "2020.04.07"]

1. e4 e5 2. Nf3 Nc6 3. Nc3 Nf6 4. d4 exd4 5. Nxd4 Bb4 6. Nxc6 bxc6 7. Bd3 O-O
8. O-O d5 9. exd5 cxd5 10. Bg5 c6 11. Qf3 Be7 12. h3 h6 13. Bd2 Be6 14. Rad1
Rb8 15. b3 Nd7 16. Ne2 Bf6 17. Qg3 Kh8 18. Nf4 Re8 19. Nxe6 Rxe6 20. Bf5 Re8
21. Qd6 Ne5 22. Qxd8 Rexd8 23. Ba5 Re8 24. f4 Ng6 25. Bd7 Re2 26. Bxc6 Rxc2 27.
Bxd5 Rxa2 28. b4 Rb2 29. Bxf7 Nh4 30. Rf2 Rxf2 31. Kxf2 Nf5 32. Rd7 Bd4+ 33.
Kf3 Bc3 34. Ke4 Ng3+ 35. Kf3 Nf5 36. Rxa7 Nd4+ 37. Kg4 Nc6 38. Rc7 Bxb4 39.
Bxb4 Nxb4 40. Re7 Nc6 41. Re6 Rf8 42. Bg6 Nd8 43. Re4 Kg8 44. Kh5 Nf7 45. g4
Nh8 46. Bf5 Kf7 47. Be6+ Kf6 48. g5+ hxg5 49. fxg5+ Ke7 50. g6 Rb8 51. Kg5 Kd6
52. Bf5 1-0

[Event "Politikken Cup 1988"]
[Site "Graested"]
[Date "1988.02.12"]
[Round "1"]
[White "De Greef, Heleen"]
[Black "Hoiberg, Nina"]
[Result "0-1"]
[WhiteElo "2240"]
[BlackElo "2285"]
[PlyCount "132"]
[EventDate "1988.02.12"]
[EventType "tourn"]
[EventRounds "9"]
[EventCountry "DEN"]
[SourceVersionDate "2020.04.07"]

1. e4 e5 2. Nf3 Nc6 3. d4 exd4 4. Nxd4 Nf6 5. Nc3 Bb4 6. Nxc6 bxc6 7. Bd3 d5 8.
exd5 cxd5 9. O-O O-O 10. Bg5 c6 11. Qf3 Re8 12. Rae1 Be6 13. a3 Bd6 14. h3 Bc7
15. Bf4 Qb8 16. Bxc7 Qxc7 17. Ne2 Ne4 18. Bxe4 dxe4 19. Qc3 Rab8 20. Nd4 Bd5
21. b3 Qe7 22. f3 Qg5 23. f4 Qf6 24. Qc5 Rbd8 25. Re3 Bc4 26. Qxc4 Qxd4 27.
Qxd4 Rxd4 28. Rc3 f5 29. Rxc6 Rd2 30. Re1 Kf7 31. Rc3 Kf6 32. Kf1 Re6 33. Re2
Rd1+ 34. Kf2 g5 35. g3 gxf4 36. gxf4 Rh1 37. Kg2 Ra1 38. a4 Rd6 39. Kf2 Rh1 40.
Rc7 Rh2+ 41. Ke1 Rxh3 42. Rxa7 Rh1+ 43. Kf2 Rdd1 44. Ra6+ Kf7 45. Rc6 Rh2+ 46.
Ke3 Rh3+ 47. Kf2 Rf3+ 48. Kg2 Rxf4 49. Rc3 Kf6 50. a5 Rg4+ 51. Rg3 Rxg3+ 52.
Kxg3 Ke5 53. a6 f4+ 54. Kh2 Ra1 55. Rg2 Rxa6 56. Rg7 Rc6 57. c4 Rb6 58. c5 Rxb3
59. c6 Rc3 60. c7 h5 61. Rd7 Rc2+ 62. Kg1 e3 63. Re7+ Kf5 64. Kf1 Kg4 65. Ke1
Kf3 66. Kd1 Rc6 0-1

[Event "Politikken Cup 1988"]
[Site "Graested"]
[Date "1988.02.12"]
[Round "1"]
[White "Klimova, Eliska"]
[Black "Maric, Alisa"]
[Result "1-0"]
[WhiteElo "2375"]
[BlackElo "2345"]
[PlyCount "121"]
[EventDate "1988.02.12"]
[EventType "tourn"]
[EventRounds "9"]
[EventCountry "DEN"]
[SourceVersionDate "2020.04.07"]

1. e4 c5 2. Nc3 Nc6 3. g3 g6 4. Bg2 Bg7 5. d3 e6 6. Be3 d6 7. Qd2 Qa5 8. Nh3
Nd4 9. O-O Ne7 10. f4 Nec6 11. Kh1 O-O 12. g4 f5 13. gxf5 gxf5 14. Rac1 Bd7 15.
Qe1 Rae8 16. Rg1 Qd8 17. a3 Kh8 18. Ne2 Nxe2 19. Qxe2 e5 20. Qh5 Qf6 21. Ng5
Qg6 22. Qxg6 hxg6 23. exf5 exf4 24. Bxf4 Rxf5 25. Bh3 Rxf4 26. Bxd7 Re2 27. Rg3
Bxb2 28. Rb1 Bd4 29. Rh3+ Kg8 30. Be6+ Kf8 31. Bd5 Nd8 32. Ne4 Be5 33. c3 b6
34. Rd1 Rf5 35. c4 Rh5 36. Rf1+ Ke7 37. Rxh5 gxh5 38. Ng3 Bxg3 39. hxg3 Re3 40.
Kg2 Ne6 41. Kh3 Nd4 42. Rf7+ Kd8 43. Be4 b5 44. cxb5 Nxb5 45. a4 Nc3 46. Bf5
Ne2 47. Rd7+ Ke8 48. Rxa7 Nxg3 49. Bg6+ Kd8 50. Kh4 Ne2 51. a5 Nf4 52. Bf5 Nxd3
53. Rd7+ Ke8 54. a6 Rf3 55. Kg5 Rg3+ 56. Kf6 Nb4 57. a7 Nd5+ 58. Ke6 Nb6 59.
Rb7 Re3+ 60. Kxd6 Ra3 61. Kc6 1-0

[Event "Politikken Cup 1988"]
[Site "Graested"]
[Date "1988.02.12"]
[Round "1"]
[White "Haahr, Merete"]
[Black "Petek, Mirjana"]
[Result "0-1"]
[WhiteElo "2035"]
[BlackElo "2300"]
[PlyCount "58"]
[EventDate "1988.02.12"]
[EventType "tourn"]
[EventRounds "9"]
[EventCountry "DEN"]
[SourceVersionDate "2020.04.07"]

1. c4 Nf6 2. Nc3 e6 3. g3 d5 4. cxd5 exd5 5. Bg2 c6 6. d3 Bf5 7. Bd2 Nbd7 8.
Nf3 Bd6 9. O-O O-O 10. Re1 Re8 11. Qc2 Ne5 12. Nxe5 Bxe5 13. e4 dxe4 14. dxe4
Bg6 15. Rad1 Qe7 16. Be3 Bxc3 17. Qxc3 Nxe4 18. Bxe4 Bxe4 19. Bd4 Qg5 20. f3
Bd5 21. Bxa7 h5 22. Rxe8+ Rxe8 23. Kf2 Ra8 24. Bc5 Bxf3 25. Re1 Bd5 26. Qe3
Qf6+ 27. Kg1 Qxb2 28. Qe2 Rxa2 29. Qxb2 Rxb2 0-1

[Event "Politikken Cup 1988"]
[Site "Graested"]
[Date "1988.02.13"]
[Round "2"]
[White "Hoiberg, Nina"]
[Black "Jackson, Sheila"]
[Result "1-0"]
[WhiteElo "2285"]
[BlackElo "2260"]
[PlyCount "61"]
[EventDate "1988.02.12"]
[EventType "tourn"]
[EventRounds "9"]
[EventCountry "DEN"]
[SourceVersionDate "2020.04.07"]

1. e4 e5 2. Nf3 Nc6 3. Bc4 Nf6 4. d4 exd4 5. e5 d5 6. Bb5 Ne4 7. Nxd4 Bd7 8.
Bxc6 bxc6 9. O-O Be7 10. f3 Nc5 11. f4 O-O 12. f5 Ne4 13. Nc3 Nxc3 14. bxc3 c5
15. Ne2 Bb5 16. Rf3 Re8 17. Nf4 d4 18. Ba3 Bf8 19. Qe1 Bc6 20. Rg3 Kh8 21. Rd1
Qh4 22. Nd3 Rad8 23. Bxc5 Bxc5 24. Nxc5 dxc3 25. e6 fxe6 26. Nxe6 Rxd1 27. Qxd1
Qf6 28. Qd3 Rb8 29. Rxg7 Qe5 30. Kf2 Qxh2 31. Qxc3 1-0

[Event "Politikken Cup 1988"]
[Site "Graested"]
[Date "1988.02.13"]
[Round "2"]
[White "Maric, Alisa"]
[Black "Maric, Mirjana"]
[Result "1/2-1/2"]
[WhiteElo "2345"]
[BlackElo "2255"]
[PlyCount "25"]
[EventDate "1988.02.12"]
[EventType "tourn"]
[EventRounds "9"]
[EventCountry "DEN"]
[SourceVersionDate "2020.04.07"]

1. e4 e6 2. d4 d5 3. exd5 exd5 4. Nf3 Bd6 5. Bd3 Qe7+ 6. Qe2 Nc6 7. Qxe7+ Ngxe7
8. c3 Bf5 9. Bxf5 Nxf5 10. O-O O-O-O 11. Nbd2 f6 12. Re1 Rhe8 13. Nf1 1/2-1/2

[Event "Politikken Cup 1988"]
[Site "Graested"]
[Date "1988.02.13"]
[Round "2"]
[White "Petek, Mirjana"]
[Black "Klimova, Eliska"]
[Result "1/2-1/2"]
[WhiteElo "2300"]
[BlackElo "2375"]
[PlyCount "38"]
[EventDate "1988.02.12"]
[EventType "tourn"]
[EventRounds "9"]
[EventCountry "DEN"]
[SourceVersionDate "2020.04.07"]

1. d4 Nf6 2. c4 g6 3. Nc3 d5 4. Nf3 Bg7 5. cxd5 Nxd5 6. e4 Nxc3 7. bxc3 c5 8.
Bc4 O-O 9. O-O cxd4 10. cxd4 Nc6 11. Be3 Bg4 12. Bd5 Rc8 13. Rc1 e6 14. Bxc6
Rxc6 15. Rxc6 bxc6 16. Qa4 Bxf3 17. gxf3 Qc7 18. Rc1 Rc8 19. Rc4 h5 1/2-1/2

[Event "Politikken Cup 1988"]
[Site "Graested"]
[Date "1988.02.13"]
[Round "2"]
[White "Berg, Tine"]
[Black "Haahr, Merete"]
[Result "1-0"]
[WhiteElo "2095"]
[BlackElo "2035"]
[PlyCount "75"]
[EventDate "1988.02.12"]
[EventType "tourn"]
[EventRounds "9"]
[EventCountry "DEN"]
[SourceVersionDate "2020.04.07"]

1. e4 c5 2. Nc3 Nc6 3. g3 g6 4. Bg2 Bg7 5. d3 d6 6. Nge2 Nf6 7. O-O O-O 8. h3
Bd7 9. Be3 Qc8 10. Kh2 Rb8 11. Qd2 b5 12. f4 b4 13. Nd1 Ne8 14. f5 Nd4 15. fxg6
hxg6 16. Nf4 Nc7 17. c3 Nde6 18. d4 bxc3 19. bxc3 Qe8 20. Rc1 Kh7 21. Nf2 Nxf4
22. gxf4 cxd4 23. cxd4 Qd8 24. e5 Bb5 25. Rg1 d5 26. f5 Bc4 27. Qc2 Rb6 28. Bf3
Qb8 29. Rg4 Rh8 30. fxg6+ fxg6 31. Rcg1 Qe8 32. Rxg6 Qxg6 33. Rxg6 Rxg6 34. Bh5
Bxe5+ 35. dxe5 Rhg8 36. e6 Nxe6 37. Bxg6+ Rxg6 38. Ng4 1-0

[Event "Politikken Cup 1988"]
[Site "Graested"]
[Date "1988.02.13"]
[Round "2"]
[White "De Greef, Heleen"]
[Black "Arkell, Susan"]
[Result "1-0"]
[WhiteElo "2240"]
[BlackElo "2340"]
[PlyCount "117"]
[EventDate "1988.02.12"]
[EventType "tourn"]
[EventRounds "9"]
[EventCountry "DEN"]
[SourceVersionDate "2020.04.07"]

1. e4 c6 2. d4 d5 3. exd5 cxd5 4. c4 Nf6 5. Nc3 g6 6. Nf3 Bg7 7. h3 O-O 8. Be3
b6 9. Rc1 Bb7 10. Be2 Nc6 11. O-O dxc4 12. Bxc4 Rc8 13. Qe2 Nb4 14. Ne5 Nfd5
15. Nxd5 Nxd5 16. Rfd1 e6 17. a3 Qd6 18. Bd2 Rc7 19. Bb3 Rfc8 20. Rxc7 Rxc7 21.
Rc1 Rxc1+ 22. Bxc1 Ne7 23. Qb5 Nc6 24. Nxc6 Bxc6 25. Qg5 Bxd4 26. Bf4 Qc5 27.
Qd8+ Kg7 28. Bd6 Bxf2+ 29. Kh2 Bg1+ 30. Kh1 Qd4 31. Qf8+ Kf6 32. Qe7+ Kg7 33.
Bxe6 Bxg2+ 34. Kxg2 Qe4+ 35. Kxg1 Qb1+ 36. Kf2 Qxb2+ 37. Kg3 Qc3+ 38. Kf2 Qd2+
39. Kf3 Qd3+ 40. Kf2 Qd2+ 41. Kg3 Qe3+ 42. Kh4 Qe1+ 43. Kg4 Qd1+ 44. Kg3 Qe1+
45. Kf4 Qf2+ 46. Ke4 Qc2+ 47. Kd5 Qg2+ 48. Kd4 Qd2+ 49. Kc4 Qe2+ 50. Kb4 Qb2+
51. Ka4 Qc2+ 52. Kb5 Qe2+ 53. Kc6 Qxe6 54. Qxe6 fxe6 55. Kb7 e5 56. Bxe5+ Kf7
57. Kxa7 Ke6 58. Bf4 Kf5 59. Bd2 1-0

[Event "Politikken Cup 1988"]
[Site "Graested"]
[Date "1988.02.14"]
[Round "3"]
[White "Haahr, Merete"]
[Black "De Greef, Heleen"]
[Result "0-1"]
[WhiteElo "2035"]
[BlackElo "2240"]
[PlyCount "80"]
[EventDate "1988.02.12"]
[EventType "tourn"]
[EventRounds "9"]
[EventCountry "DEN"]
[SourceVersionDate "2020.04.07"]

1. c4 Nf6 2. Nf3 g6 3. g3 Bg7 4. Bg2 d5 5. O-O O-O 6. cxd5 Nxd5 7. Nc3 Nxc3 8.
bxc3 Nd7 9. Rb1 Nb6 10. d4 Bf5 11. Rb2 Be4 12. Nd2 Bxg2 13. Kxg2 e5 14. e3 Qd7
15. Qc2 Rab8 16. Rd1 Rfd8 17. Nf3 Nc4 18. Rb1 Qc6 19. Qe2 Qe4 20. Rb3 b5 21.
Ba3 exd4 22. cxd4 Nxa3 23. Rxa3 Bxd4 24. Qd3 Qxd3 25. Raxd3 Bf6 26. Rxd8+ Rxd8
27. Rxd8+ Bxd8 28. Nd4 a6 29. Nc6 Bf6 30. Kf3 Bc3 31. Ke2 f5 32. Kd3 Bg7 33. f3
Kf7 34. e4 fxe4+ 35. fxe4 Ke6 36. Nb4 a5 37. Nc6 a4 38. Na7 b4 39. Kc4 b3 40.
axb3 a3 0-1

[Event "Politikken Cup 1988"]
[Site "Graested"]
[Date "1988.02.14"]
[Round "3"]
[White "Arkell, Susan"]
[Black "Hoiberg, Nina"]
[Result "1-0"]
[WhiteElo "2340"]
[BlackElo "2285"]
[PlyCount "67"]
[EventDate "1988.02.12"]
[EventType "tourn"]
[EventRounds "9"]
[EventCountry "DEN"]
[SourceVersionDate "2020.04.07"]

1. e4 e5 2. Nf3 Nc6 3. d4 exd4 4. Nxd4 g6 5. Nc3 Bg7 6. Be3 d6 7. Be2 Nf6 8.
Nxc6 bxc6 9. e5 Nd5 10. Nxd5 cxd5 11. Qxd5 Be6 12. Bb5+ Kf8 13. Qc6 Bxe5 14.
O-O Kg7 15. c3 f5 16. Bd4 Bf6 17. Rfe1 Bf7 18. Bxf6+ Kxf6 19. Qf3 Be8 20. Bc4
Bf7 21. Bxf7 Kxf7 22. Qd5+ Kg7 23. Qd4+ Kf7 24. Re3 Qd7 25. h3 Rhe8 26. Rxe8
Rxe8 27. Qxa7 Re2 28. Qb7 Qe7 29. Kf1 f4 30. Qd5+ Kf6 31. Qd4+ Kg5 32. h4+ Kh5
33. Qxf4 Rxb2 34. g4+ 1-0

[Event "Politikken Cup 1988"]
[Site "Graested"]
[Date "1988.02.14"]
[Round "3"]
[White "Maric, Mirjana"]
[Black "Petek, Mirjana"]
[Result "1/2-1/2"]
[WhiteElo "2255"]
[BlackElo "2300"]
[PlyCount "43"]
[EventDate "1988.02.12"]
[EventType "tourn"]
[EventRounds "9"]
[EventCountry "DEN"]
[SourceVersionDate "2020.04.07"]

1. e4 e6 2. d4 d5 3. Nc3 Bb4 4. e5 c5 5. Bd2 Ne7 6. Nb5 Bxd2+ 7. Qxd2 O-O 8.
Nf3 f6 9. exf6 Rxf6 10. dxc5 Nbc6 11. c4 a6 12. Nd6 b6 13. Nxc8 Nxc8 14. cxd5
exd5 15. O-O-O N8e7 16. cxb6 Qxb6 17. Qe3 Qb7 18. Nd4 Nxd4 19. Qxd4 Qc7+ 20.
Kb1 Rf4 21. Qd2 Rb8 22. Bd3 1/2-1/2

[Event "Politikken Cup 1988"]
[Site "Graested"]
[Date "1988.02.14"]
[Round "3"]
[White "Jackson, Sheila"]
[Black "Maric, Alisa"]
[Result "0-1"]
[WhiteElo "2260"]
[BlackElo "2345"]
[PlyCount "76"]
[EventDate "1988.02.12"]
[EventType "tourn"]
[EventRounds "9"]
[EventCountry "DEN"]
[SourceVersionDate "2020.04.07"]

1. e4 c5 2. Nf3 Nc6 3. d4 cxd4 4. Nxd4 e6 5. Nc3 a6 6. Be2 Qc7 7. f4 d6 8. Be3
Nf6 9. Bf3 Be7 10. O-O O-O 11. Kh1 Rd8 12. Qe2 Nxd4 13. Bxd4 e5 14. Be3 exf4
15. Bxf4 Be6 16. Nd5 Bxd5 17. exd5 Re8 18. Qf2 Qc4 19. Qd2 Rac8 20. c3 Bf8 21.
a3 Ne4 22. Bxe4 Rxe4 23. Rf2 Rce8 24. Raf1 Re2 25. Qd1 Rxf2 26. Rxf2 Qxd5 27.
Rd2 Qe4 28. Bg3 Re6 29. h3 Qc6 30. Kh2 g6 31. Rd3 h5 32. a4 Be7 33. b3 h4 34.
Bf4 Qe4 35. Rd4 Qf5 36. Bc1 Bf6 37. Rd3 Be5+ 38. Kg1 Bg3 0-1

[Event "Politikken Cup 1988"]
[Site "Graested"]
[Date "1988.02.14"]
[Round "3"]
[White "Klimova, Eliska"]
[Black "Berg, Tine"]
[Result "1-0"]
[WhiteElo "2375"]
[BlackElo "2095"]
[PlyCount "111"]
[EventDate "1988.02.12"]
[EventType "tourn"]
[EventRounds "9"]
[EventCountry "DEN"]
[SourceVersionDate "2020.04.07"]

1. e4 e6 2. d4 d5 3. Nd2 Nf6 4. e5 Nfd7 5. Bd3 c5 6. c3 Nc6 7. Ne2 cxd4 8. cxd4
f6 9. Nf4 Nxd4 10. Qh5+ Ke7 11. Ng6+ hxg6 12. exf6+ Nxf6 13. Qxh8 Kf7 14. f4
Bd7 15. O-O Rc8 16. Kh1 Qb6 17. Nf3 Nxf3 18. gxf3 Qd4 19. Rd1 Qf2 20. Qh3 Bc5
21. Qg3 Qxg3 22. hxg3 Rh8+ 23. Kg2 e5 24. Rh1 Rxh1 25. Kxh1 e4 26. fxe4 Nxe4
27. Kg2 Bd4 28. Be2 Bc6 29. Rb1 a6 30. g4 Ba4 31. b3 Bc6 32. Bf3 Bb5 33. Bb2
Be3 34. Be5 g5 35. f5 Bc6 36. Rh1 Bf4 37. Bd4 Bd6 38. Rh5 Be7 39. Bxe4 dxe4 40.
Be3 Kg8 41. Kf2 Be8 42. Rh1 Bf6 43. Rd1 Bc6 44. Rd6 Kf7 45. Bd4 Bxd4+ 46. Rxd4
Ke7 47. Ke3 a5 48. a3 b5 49. b4 axb4 50. axb4 Ba8 51. Rd2 Bc6 52. Rc2 Bd5 53.
Rc5 Bc4 54. Rxc4 bxc4 55. Kxe4 Kd6 56. Kd4 1-0

[Event "Politikken Cup 1988"]
[Site "Graested"]
[Date "1988.02.15"]
[Round "4"]
[White "Petek, Mirjana"]
[Black "Jackson, Sheila"]
[Result "1/2-1/2"]
[WhiteElo "2300"]
[BlackElo "2260"]
[PlyCount "102"]
[EventDate "1988.02.12"]
[EventType "tourn"]
[EventRounds "9"]
[EventCountry "DEN"]
[SourceVersionDate "2020.04.07"]

1. d4 Nf6 2. c4 e6 3. Nf3 b6 4. Nc3 Bb4 5. Qc2 Bb7 6. Bg5 h6 7. Bxf6 Qxf6 8. a3
Bxc3+ 9. bxc3 O-O 10. Nd2 d6 11. e4 Nd7 12. Bd3 e5 13. Nb3 a5 14. a4 Qg5 15. f3
Qe3+ 16. Qe2 Qxe2+ 17. Kxe2 Rfe8 18. Kf2 Ba6 19. Rhd1 c5 20. dxc5 dxc5 21. Be2
Nf8 22. Nd2 Ne6 23. g3 Rad8 24. Nf1 Rxd1 25. Rxd1 Rd8 26. Rb1 Rd6 27. Ne3 Nc7
28. Nd5 Na8 29. f4 f6 30. Ke3 g6 31. h4 Kg7 32. Rf1 Bc8 33. fxe5 fxe5 34. g4
Bd7 35. Bd1 g5 36. h5 Bc6 37. Ne7 Bd7 38. Nf5+ Bxf5 39. exf5 Kf6 40. Be2 Nc7
41. Rd1 Ke7 42. Ke4 Rxd1 43. Bxd1 Kd6 44. f6 Ke6 45. f7 Kxf7 46. Kxe5 Ke7 47.
Bf3 Ne6 48. Kf5 Nf4 49. Bb7 Kf7 50. Bd5+ Ke7 51. Bf3 Kf7 1/2-1/2

[Event "Politikken Cup 1988"]
[Site "Graested"]
[Date "1988.02.15"]
[Round "4"]
[White "De Greef, Heleen"]
[Black "Klimova, Eliska"]
[Result "0-1"]
[WhiteElo "2240"]
[BlackElo "2375"]
[PlyCount "86"]
[EventDate "1988.02.12"]
[EventType "tourn"]
[EventRounds "9"]
[EventCountry "DEN"]
[SourceVersionDate "2020.04.07"]

1. e4 c6 2. d4 d5 3. exd5 cxd5 4. c4 Nf6 5. Nc3 g6 6. cxd5 Bg7 7. Bc4 O-O 8.
Nge2 Nbd7 9. Nf4 Nb6 10. Bb3 Bf5 11. O-O Rc8 12. Qe2 a6 13. Re1 Re8 14. Be3 Qd6
15. a3 h6 16. h4 Ne4 17. Na2 Nf6 18. Nc3 Ng4 19. g3 h5 20. Rac1 Nf6 21. Qf1 Ne4
22. Qe2 Nxc3 23. Rxc3 Rxc3 24. bxc3 Qxa3 25. Qa2 Qxa2 26. Bxa2 Rc8 27. Bb1 Bg4
28. d6 exd6 29. Be4 Rxc3 30. Bxb7 a5 31. Rb1 Nc4 32. Bd5 Nxe3 33. fxe3 Rxe3 34.
Rb8+ Kh7 35. Bxf7 Bxd4 36. Kh2 Bf3 37. Bxg6+ Kh6 38. Bf5 Re1 39. Ng2 Re2 40.
Bh3 Rd2 41. Rf8 Be4 42. Rg8 a4 43. g4 a3 0-1

[Event "Politikken Cup 1988"]
[Site "Graested"]
[Date "1988.02.15"]
[Round "4"]
[White "Berg, Tine"]
[Black "Maric, Mirjana"]
[Result "0-1"]
[WhiteElo "2095"]
[BlackElo "2255"]
[PlyCount "72"]
[EventDate "1988.02.12"]
[EventType "tourn"]
[EventRounds "9"]
[EventCountry "DEN"]
[SourceVersionDate "2020.04.07"]

1. e4 e5 2. Nc3 Nf6 3. f4 d5 4. fxe5 Nxe4 5. Nf3 Be7 6. Qe2 Nxc3 7. bxc3 O-O 8.
g3 f6 9. Bg2 fxe5 10. Nxe5 Nc6 11. d4 Nxe5 12. Qxe5 c6 13. Qh5 Bf5 14. O-O Bxc2
15. Bf4 Bf6 16. Qe2 Bg6 17. Qd2 Qd7 18. h3 Rfe8 19. Rf2 Be4 20. Raf1 Bxg2 21.
Kxg2 Re7 22. g4 Bh4 23. Bg3 Bxg3 24. Kxg3 Rae8 25. Qf4 Qc7 26. Qxc7 Rxc7 27.
Rf3 Rce7 28. Kg2 Re2+ 29. R1f2 Rxf2+ 30. Kxf2 Rf8 31. Ke3 Rxf3+ 32. Kxf3 Kf7
33. Kf4 Kf6 34. a4 b6 35. g5+ Ke6 36. h4 a5 0-1

[Event "Politikken Cup 1988"]
[Site "Graested"]
[Date "1988.02.15"]
[Round "4"]
[White "Hoiberg, Nina"]
[Black "Maric, Alisa"]
[Result "0-1"]
[WhiteElo "2285"]
[BlackElo "2345"]
[PlyCount "104"]
[EventDate "1988.02.12"]
[EventType "tourn"]
[EventRounds "9"]
[EventCountry "DEN"]
[SourceVersionDate "2020.04.07"]

1. e4 c5 2. Nf3 Nc6 3. d4 cxd4 4. Nxd4 e6 5. Nc3 a6 6. Be3 Qc7 7. f4 Bb4 8. Qg4
Nce7 9. Bd2 Ng6 10. e5 Nh6 11. Qg3 d6 12. O-O-O dxe5 13. fxe5 Qxe5 14. Bxh6
gxh6 15. Kb1 O-O 16. Nf3 Qxg3 17. hxg3 Kg7 18. Bd3 Bxc3 19. bxc3 f5 20. Rde1
Bd7 21. Ne5 Nxe5 22. Rxe5 Rac8 23. Kb2 Rf6 24. Rh4 Bc6 25. g4 Rcf8 26. gxf5
exf5 27. g3 Bf3 28. Rf4 Bg4 29. Bc4 Rb6+ 30. Bb3 Kf6 31. Rc5 Re8 32. a4 Re4 33.
Rc7 Rxf4 34. gxf4 Kg6 35. Kc1 h5 36. Bf7+ Kf6 37. Bd5 h6 38. Bxb7 h4 39. a5 Rd6
40. Rh7 Kg6 41. Re7 h3 42. Re1 Kh5 43. c4 Rd4 44. c5 Rc4 45. Bxa6 Rxc5 46. Bb7
Rxa5 47. Kd2 Ra7 48. Bc6 Rc7 49. Ba8 Kh4 50. Rg1 Rc4 51. Kd3 Rxf4 52. c4 h2 0-1

[Event "Politikken Cup 1988"]
[Site "Graested"]
[Date "1988.02.15"]
[Round "4"]
[White "Arkell, Susan"]
[Black "Haahr, Merete"]
[Result "1-0"]
[WhiteElo "2340"]
[BlackElo "2035"]
[PlyCount "101"]
[EventDate "1988.02.12"]
[EventType "tourn"]
[EventRounds "9"]
[EventCountry "DEN"]
[SourceVersionDate "2020.04.07"]

1. e4 c5 2. Nc3 Nc6 3. f4 d6 4. Bb5 Bd7 5. Nf3 e6 6. O-O Be7 7. d3 a6 8. Bxc6
Bxc6 9. Qe1 Nf6 10. e5 Nd5 11. Qg3 g6 12. Ne4 f5 13. Neg5 Bxg5 14. Nxg5 Nc7 15.
exd6 Qxd6 16. Re1 O-O 17. Bd2 Qd7 18. Ba5 h6 19. Nf3 Bxf3 20. Qxg6+ Qg7 21.
Qxg7+ Kxg7 22. Bxc7 Bc6 23. Rxe6 Rfe8 24. Rae1 Rxe6 25. Rxe6 Re8 26. Be5+ Kh7
27. Rf6 Rg8 28. g3 Bd5 29. c4 Bc6 30. Kf2 Rd8 31. Ke3 Be8 32. Re6 Bc6 33. b3
Rc8 34. Rf6 Be8 35. Rxf5 Bg6 36. Rf6 Re8 37. Rd6 Bf5 38. d4 cxd4+ 39. Kxd4 Re7
40. a3 Rd7 41. Rxd7+ Bxd7 42. Bc7 Kg6 43. Ke5 h5 44. a4 Bg4 45. a5 Bd7 46. b4
Bg4 47. b5 axb5 48. cxb5 Bf3 49. a6 bxa6 50. bxa6 Bg2 51. a7 1-0

[Event "Politikken Cup 1988"]
[Site "Graested"]
[Date "1988.02.16"]
[Round "5"]
[White "Maric, Alisa"]
[Black "Petek, Mirjana"]
[Result "1/2-1/2"]
[WhiteElo "2345"]
[BlackElo "2300"]
[PlyCount "31"]
[EventDate "1988.02.12"]
[EventType "tourn"]
[EventRounds "9"]
[EventCountry "DEN"]
[SourceVersionDate "2020.04.07"]

1. c4 e5 2. g3 Nf6 3. Bg2 d5 4. cxd5 Nxd5 5. Nc3 Nb6 6. Nf3 Nc6 7. O-O Be7 8.
a3 O-O 9. b4 Be6 10. d3 Nd4 11. Rb1 c5 12. bxc5 Bxc5 13. Ne4 Nxf3+ 14. Bxf3 Be7
15. Bb2 Qd7 16. Nc3 1/2-1/2

[Event "Politikken Cup 1988"]
[Site "Graested"]
[Date "1988.02.16"]
[Round "5"]
[White "Jackson, Sheila"]
[Black "Berg, Tine"]
[Result "1-0"]
[WhiteElo "2260"]
[BlackElo "2095"]
[PlyCount "85"]
[EventDate "1988.02.12"]
[EventType "tourn"]
[EventRounds "9"]
[EventCountry "DEN"]
[SourceVersionDate "2020.04.07"]

1. e4 e6 2. d4 d5 3. Nd2 Nf6 4. e5 Nfd7 5. Bd3 c5 6. c3 Nc6 7. Ne2 Qb6 8. Nf3
cxd4 9. cxd4 f6 10. exf6 Nxf6 11. O-O Bd6 12. Nc3 a6 13. Bg5 O-O 14. Re1 Qc7
15. Bh4 g6 16. Rc1 Nh5 17. Bf1 Qg7 18. Bg5 h6 19. Be3 Bd7 20. g3 Rf7 21. Bg2
Raf8 22. Na4 Nb4 23. Nc5 Bc8 24. a3 Bxc5 25. Rxc5 Nc6 26. b4 Nf6 27. Ne5 Nxe5
28. dxe5 Nd7 29. Rc2 g5 30. Bd4 Qg6 31. Qc1 Nb8 32. Rxc8 Nc6 33. Rxf8+ Rxf8 34.
Bc5 Rf7 35. Qb1 Qh5 36. Qd3 g4 37. Bd6 Kg7 38. a4 Qg5 39. b5 axb5 40. axb5 Na5
41. Bxd5 exd5 42. e6 Rf3 43. Qd4+ 1-0

[Event "Politikken Cup 1988"]
[Site "Graested"]
[Date "1988.02.16"]
[Round "5"]
[White "Haahr, Merete"]
[Black "Hoiberg, Nina"]
[Result "0-1"]
[WhiteElo "2035"]
[BlackElo "2285"]
[PlyCount "98"]
[EventDate "1988.02.12"]
[EventType "tourn"]
[EventRounds "9"]
[EventCountry "DEN"]
[SourceVersionDate "2020.04.07"]

1. Nf3 Nf6 2. c4 g6 3. g3 Bg7 4. Bg2 O-O 5. O-O d5 6. cxd5 Nxd5 7. Nc3 Nxc3 8.
bxc3 Nd7 9. Rb1 c5 10. Qc2 Rb8 11. d3 b5 12. Bd2 Qc7 13. a4 bxa4 14. Rxb8 Qxb8
15. Qxa4 Ne5 16. Nxe5 Bxe5 17. d4 cxd4 18. cxd4 Bf6 19. e3 Qb2 20. Qa5 Bg4 21.
Be4 Qb6 22. Qxb6 axb6 23. Rb1 Rb8 24. f3 Bf5 25. Bxf5 gxf5 26. Rb5 e6 27. Kf2
Bd8 28. Ke2 Ra8 29. Bc3 Kf8 30. Kd3 Ra2 31. Bb2 Ke7 32. Kc4 Kd6 33. e4 fxe4 34.
fxe4 Kc6 35. d5+ exd5+ 36. exd5+ Kd6 37. Rb4 Ra5 38. Bd4 b5+ 39. Rxb5 Rxb5 40.
Kxb5 Kxd5 41. Be3 Ke4 42. Bf4 h5 43. Kc4 h4 44. Kc3 Ba5+ 45. Kc2 h3 46. Kd1 Kf3
47. Bd6 f5 48. Bc5 Bc7 49. Ke1 Bxg3+ 0-1

[Event "Politikken Cup 1988"]
[Site "Graested"]
[Date "1988.02.16"]
[Round "5"]
[White "Klimova, Eliska"]
[Black "Arkell, Susan"]
[Result "1/2-1/2"]
[WhiteElo "2375"]
[BlackElo "2340"]
[PlyCount "48"]
[EventDate "1988.02.12"]
[EventType "tourn"]
[EventRounds "9"]
[EventCountry "DEN"]
[SourceVersionDate "2020.04.07"]

1. e4 c6 2. d4 d5 3. Nd2 dxe4 4. Nxe4 Nd7 5. Nf3 Ngf6 6. Nxf6+ Nxf6 7. Bc4 e6
8. O-O Be7 9. Qe2 O-O 10. Rd1 b5 11. Bb3 Qb6 12. a4 a6 13. Ne5 Rd8 14. Bg5 h6
15. Bh4 Rxd4 16. Rxd4 Qxd4 17. Nxc6 Qxh4 18. Nxe7+ Kf8 19. Nxc8 Rxc8 20. axb5
axb5 21. Qxb5 Kg8 22. h3 Rd8 23. Qe2 Ne4 24. Ra4 Rd1+ 1/2-1/2